000 00675nam a2200241Ia 4500
003 OSt
005 20221007080031.0
006 a|||||r|||| 00| 0
007 ta
008 221006b |||||||| |||| 00| 0 eng d
024 _a39,970
037 _cTextual
040 _aFLL
_cFLL
_beng
041 _2eng
_aeng
082 _aY11:45:7:Z2, Q2
100 _aNaidu Y. Gurappa
_9694521
245 0 _aChild rights, law and development emerging challenges
250 _a1st Pub.
260 _aNew Delhi
_bSerials Publications India
_c2012
300 _axi,243p
_ccm.
942 _hY11:45:7:Z2, Q2
_cTEXL
_2CC
999 _c1158163
_d1158163